000 00956nam a2200241 a 4500
001 26624
003 CO-ViMGA
008 141112s2004 ck r 000 u spa d
020 _a9561316323
040 _aCO-ViMGA
_bspa
_cCO-ViMGA
082 0 4 _a822.33 H673
245 1 0 _aHistorias de Shakespeare :
_btexto adaptado. /
_cIlustraciones : Sally Marshall, Andrés Jullian.
250 _a1a. ed.
260 _aChile :
_bEdit. Andres Bello,
_c2000
300 _a139 p. : il. 16 cm
490 0 _a[Club de lectores Andrés Bello] ; 186
500 _aDestinado a niños a partir de 11 años. Nivel 3.
505 _aHammlet, Principe de Dinamarca - - Vida y muerte del Rey Juan - - Macbeth - - Tragedia del Rey Ricardo III - - Rey Lear Pericles - - Julio César.
650 1 4 _aLiteratura juvenil
_9314
650 1 4 _aShakespeare, William, 1564 - 1616, Adaptaciones
_93638
700 1 _aIlustraciones : Sally Marshall, Andrés Jullian.
_93639
942 _2ddc
_cBK
999 _c9976
_d9976